| Tag |
First Indicator |
Second Indicator |
Subfields |
| LEADER |
00000cam a2200000La 4500 |
| 001 |
in00004462012 |
| 005 |
20191202121519.0 |
| 008 |
820618m19829999wb b 00100 eng |
| 010 |
|
|
|a 81009060
|
| 020 |
|
|
|a 038710786X (U.S.)
|
| 035 |
|
|
|a (OCoLC)10857348
|
| 035 |
|
|
|9 AAC0434MS
|
| 035 |
|
|
|z (UtOrBLW)6902
|
| 035 |
|
|
|a 11017
|
| 040 |
|
|
|a DLC
|c DRB
|d m/c
|d TMV
|d UtOrBLW
|
| 049 |
|
|
|a TMVM
|c 1
|p 1 [8002953]
|p 2 [8003371]
|
| 050 |
0 |
0 |
|a QP905
|b .H3 vol. 58/I
|a QP625.N89
|
| 059 |
|
|
|l MS/BOOK STKS
|t BOOK
|k CIRCULATING
|i 3238900511672
|j 8002953
|n NL
|a QV 34
|b H236 V.58
|u py;1,1982
|
| 059 |
|
|
|l MS/BOOK STKS
|v 1
|t BOOK
|k CIRCULATING
|i 3238900511683
|j 8003371
|n NL
|a QV 34
|b H236 V.58
|u py;2,1982
|
| 060 |
|
0 |
|a W1 HA51L v. 58 pt. 1 etc.
|a QU 58 B615
|
| 060 |
|
4 |
|a QV 34
|b H236 v.58 1982
|
| 245 |
0 |
0 |
|a Cyclic nucleotides /
|c editors, J.A. Nathanson and J.W. Kebabian.
|
| 264 |
|
1 |
|a Berlin ;
|a New York :
|b Springer-Verlag,
|c 1982.
|
| 300 |
|
|
|a 2 volumes :
|b illustrations ;
|c 25 cm.
|
| 336 |
|
|
|a text
|2 rdacontent
|b txt
|
| 337 |
|
|
|a unmediated
|2 rdamedia
|
| 338 |
|
|
|a volume
|2 rdacarrier
|b nc
|
| 490 |
1 |
|
|a Handbook of experimental pharmacology ;
|v vol. 58/1-2
|
| 504 |
|
|
|a Includes bibliographies and indexes.
|
| 505 |
0 |
|
|a pt. 1. Biochemistry / contributors, M.M. Appleman ... [et al.]-- pt.2. Physiology and pharmacology / contributors, D.A. Ausiello ... [et al.].
|
| 650 |
|
2 |
|a Nucleotides, Cyclic.
|
| 700 |
1 |
|
|a Nathanson, J. A.
|q (James A.),
|d 1947-
|
| 700 |
1 |
|
|a Kebabian, J. W.
|q (John W.)
|
| 830 |
|
0 |
|a Handbook of experimental pharmacology ;
|v v. 58/1-2.
|
| 940 |
|
|
|a pt.1, 1982, copy plain, 8002953
|
| 940 |
|
|
|a pt.2, 1982, copy plain, 8003371
|
| 999 |
|
|
|a MARS
|
| 999 |
f |
f |
|s d8a8438a-4905-3796-9087-25b28056957a
|i 19bfbdf5-3aac-31da-b239-e895bde7d369
|t 0
|
| 952 |
f |
f |
|p ric
|a Texas A&M University
|b Rellis Campus
|c Joint Library Facility
|d Remote Storage
|t 0
|e QV 34 H236 v.58 1982
|h National Library of Medicine classification
|i unmediated -- volume
|k pt.2
|m 3238900511683
|
| 952 |
f |
f |
|p ric
|a Texas A&M University
|b Rellis Campus
|c Joint Library Facility
|d Remote Storage
|t 0
|e QV 34 H236 v.58 1982
|h National Library of Medicine classification
|i unmediated -- volume
|k pt.1
|m 3238900511672
|
| 998 |
f |
f |
|a QV 34 H236 v.58 1982
|s pt.1-pt.2
|t 0
|l Remote Storage
|